Mauritius in figures 2001
Salvato in:
| Natura: | Libro |
|---|---|
| Lingua: | inglese |
| Pubblicazione: |
Port Louis
Central Statistics Office
2002
|
| Soggetti: | |
| Tags: |
Nessun Tag, puoi essere il primo ad aggiungerne!!
|
MARC
| LEADER | 00000nam$a2200000$$$4500 | ||
|---|---|---|---|
| 001 | 0009110 | ||
| 005 | 20251201095143.3 | ||
| 041 | 0 | |a eng | |
| 044 | |a MU | ||
| 245 | 1 | 0 | |a Mauritius in figures 2001 |
| 264 | 1 | |a Port Louis |b Central Statistics Office |c 2002 | |
| 300 | |a 40 s. | ||
| 610 | 2 | 0 | |a podnebie |
| 610 | 2 | 0 | |a populácia |
| 610 | 2 | 0 | |a zdravotníctvo |
| 610 | 2 | 0 | |a vzdelanie |
| 610 | 2 | 0 | |a práca |
| 610 | 2 | 0 | |a doprava |
| 610 | 2 | 0 | |a poľnohospodárstvo |
| 610 | 2 | 0 | |a priemysel |
| 610 | 2 | 0 | |a zabezpečenie sociálne |
| 610 | 2 | 0 | |a Maurícius |